British Columbia True or False - Statistics

General Stats
  • This quiz has been taken 312 times
  • The average score is 10 of 15
Answer Stats
Question Answer % Correct
British Columbia was the first Canadian province founded. False
96%
BC's capital is Vancouver. False
93%
British Columbia is half the size of the United Kingdom. False
86%
British Columbia is one of the top producers of blueberries. True
86%
Half of all British Columbians live in Vancouver. True
74%
British Columbia is so large, only 30 countries are larger than it. True
72%
British Columbia is the warmest Canadian province or territory. True
68%
British Columbia borders the most other US states. False
65%
British Columbia does not have many islands; most of them were taken by Alaska. False
65%
British Columbia is the only province that shares two borders with the United States. True
63%
James Cook first discovered British Columbia. True
61%
British Columbia has the longest coastline of any province. False
56%
Vancouver Island is the largest island in Canada (Not in Nunavut). False
53%
British Columbia is home to 89% of wild grizzly bears in North America. False
51%
Due to lack of electricity, citizens have to rely on other forms of power, like solar or wind. True
37%
No matching quizzes found
Score Distribution
Percent of People with Each Score
Percentile by Number Answered
Your Score History
You have not taken this quiz